000 01256nam a2200349 c 4500
003 BLK
005 20180422105404.0
008 180409b bul|||||r ||||||| ||bul||
010 _aKNG00106294000
020 _a954-649-556-5
_bиздат.: Сиела Софт енд Паблишинг
040 _aBLK
041 _aBUL
_cBUL
072 7 _2bullib
_aЕ
_xКартотека "Европейски съюз"
080 _aЕвропейски съюз - политически аспекти
_b327.7:061.1ЕС
_x
_z327.7:061.1ЕС
100 1 _aСемов, Атанас
_eпърви автор
_9371881
139 _aСемов, Атанас
_bС 32
245 1 0 _aЕвропа - 12 звезди
_cАтанас Семов.
257 _aBGR
260 София
_bСиела Софт енд Паблишинг
_c2003
300 _a124 с.
_c21 см
380 _a3
500 _aОфс. изд. - Съдържа и Някои важни УЕБ-сайтове.
650 4 _aЕвропейски съюз
_9258188
653 _aЕвропейски съюз
653 _aЕИО
659 _aЕ
852 _aЦб 214929
856 4 _qpdf
_u
856 4 _qpdf
_u
942 _cKNG
_n0
944 _aCR
_c01.01.2003
_kГеновева_Генчева
944 _aED
_c15.01.2008
_k
999 _c101251
_d101251